Biathletin zu Land - Pro-Version - Statistiken

Allgemein
  • Dieses Quiz wurde 21 mal gespielt
  • Das Durchschnittsergebnis liegt bei 11 aus 20
Antwortstatistiken
Biathletin Land % Korrekt
Inka Hamalainen Finnland
100%
Ukaleq Astri Slettemark Grönland
100%
Sara Andersson Schweden
90%
Lena Repinc Slowenien
88%
Valentina Dimitrova Bulgarien
86%
Mareike Braun Deutschland
86%
Amandine Megin Frankreich
86%
Jialin Tang China
85%
Oleksandra Merkushyna Ukraine
82%
Beatrice Trabucchi Italien
78%
Lidiia Zhurauskaite Litauen
75%
Olena Horodna Ukraine
75%
Karoline Erdal Norwegen
67%
Lara Wagner Österreich
67%
Benita Peiffer Kanada
64%
Joanne Reid Vereinigte Staaten
63%
Anika Kozica Kroatien
57%
Alina Stremous Moldawien
57%
Darcie Morton Australien
50%
Venla Lehtonen Finnland
50%
Judita Traubaite Litauen
50%
Ema Kapustova Slowakei
50%
Eve Bouvard Belgien
44%
Fanqi Meng China
44%
Annija Sabule Lettland
44%
Anastasia Tolmacheva Rumänien
44%
Shawna Pendry Vereinigtes Königreich
44%
Joanna Jakiela Polen
43%
Maria Zdravkova Bulgarien
42%
Milana Geneva Kasachstan
38%
Aliona Makarova Moldawien
38%
Anna Maka Polen
38%
Yuanmeng Chu China
33%
Anne de Besche Dänemark
33%
Sandra Bulina Lettland
33%
Gro Randby Norwegen
33%
Sara Urumova Litauen
29%
Chloe Levins Vereinigte Staaten
29%
Elza Bleidele Lettland
22%
Pascale Paradis Kanada
17%
Zuzana Remenova Slowakei
14%
Keine übereinstimmenden Quizze gefunden
Verteilung der Resultate
Anzahl Personen mit jedem Resultat
Perzentil nach korrekt beantworteten Fragen
Ihre Resultats-Entwicklung
Sie haben dieses Quiz noch nicht gespielt